000 00401nam a2200157 4500
999 _c4421
_d4421
008 200804b ||||| |||| 00| 0 eng d
041 _ahin
082 0 0 _a891.43
_bS5586
100 _93522
_aShivani
245 1 0 _aKrishnabeni /
_cby Shivani
245 1 0 _aकृष्णवेणी /
_cशिवानी
260 _a[s.l.]
_b[s.n.]
_c?
300 _a.
650 0 _aHindi fiction
942 _2ddc
_cBK